Cinéma par lettre - P - Statistiques

Statistiques générales
  • Ce quiz a été pris 230 fois
  • Le résultat moyen est 12 sur 20
Statistiques - réponses
Questions Réponses % Correct
Quel acteur charismatique formait un couple avec Angelina Jolie ? Brad Pitt
96%
Quel film d'animation met en scène la Féé clochette et le Capitaine Crochet ? Peter Pan
87%
Quel film montre les aventures de Jack Sparrow, célèbre pirate du "Black Pearl" ? Pirate des Caraïbes
83%
Quel film de Tarantino raconte l'histoire deux deux truands devant récupérer une mallette pour leur patron ? Pulp Fiction
80%
Quel humoriste et acteur français a provoqué un accident routier sous stupéfiants ? Pierre Palmade
79%
Quel ourson péruvien a été représenté à l'écran ? Paddington
78%
Quelle jeune actrice américaine joue aux côtés de Jean Reno dans "Léon" ? Nathalie Portman
77%
Quel acteur joue Cédric Digorry dans "Harry Potter" ? Robert Pattinson
74%
Quel acteur joue dans "Le Parrain", "Scarface" et "Heat" ? Al Pacino
71%
Quelle série française est celle comptant le plus d'épisodes ? Plus Belle la vie
66%
Quel film d'Hitchcock relate ce qu'a fait Ed Gein, un célèbre tueur en série américain ? Psychose
61%
Quel personnage est le fils de Poséidon dans un film de 2010 ? Percy Jackson
59%
Quel film reprend un célèbre événement s'étant déroulé le 7 Décembre 1941 ? Pearl Harbor
57%
Quel acteur belge joue dans "Le Boulet" ou encore "Rien à déclarer" ? Benoît Poelvoorde
52%
Quel acteur joue dans "Jurrasic World" et "Les Gardiens de la galaxie" ? Chris Pratt
49%
Quel film, réunissant la troupe du Splendid, relate l'histoire d'une famille de musiciens en cohabitation avec des Allemands pendant la guerre ? Papy fait de la résistance
41%
Quel acteur a le rôle de Oberyn Martell dans Game of Thrones ? Pedro Pascal
29%
Quel acteur joue dans "Mystic Rivers" et "Gunman" ? Sean Penn
28%
Quel film des studios Ghibli raconte l'histoire d'Ashitaki, un jeune guerrier japonais ? Princesse Mononoke
27%
Quel acteur et humoriste a formé un duo avec Michel Serrault ? Jean Poiret
16%
Aucun quiz correspondant
Distribution des résultats
% des personnes avec chaque résultat
Percentile par nombre de réponses
Votre historique - résultats
Vous n’avez pas pris ce quiz